000 00435nam a22001577a 4500
003 DO-SdBNP
005 20171201103301.0
008 171201b ck||||| |||| 00| 0 spa d
040 _aBPMSU
_bspa
_cBPMSU
245 1 0 _aPatrimonio bibliográfico y documental
260 _aBogotá
_bBiblioteca Nacional de Colombia
_c2000
300 _a14 p,
_c16 cm
942 _2ddc
_cBK
945 _ainventariado extranjero / DG
956 _adgarcia
_b10
999 _c13231
_d13231